| 000 | 00465nam a2200157Ia 4500 | ||
|---|---|---|---|
| 008 | 150121s9999 xx 000 0 und d | ||
| 020 | _a2094-1519 | ||
| 245 |
_aAsian Journal of Biodiversity / _h[electronic resource] |
||
| 260 |
_bLiceo de Cagayan University, _c2013. |
||
| 516 | _aElectronic text | ||
| 650 | _aBiodiversity. | ||
| 650 | _aEcology. | ||
| 830 | _aPhilippine E-Journals | ||
| 856 | _uhttp://www.ejournals.ph/index.php?journal=AJB | ||
| 942 | _cEJ | ||
| 999 |
_c276988 _d276988 |
||